Portugal amordazado (Record no. 172075)

MARC details
000 -LEADER
campo de control de longitud fija 00730nam a22002175i 4500
001 - NÚMERO DE CONTROL
campo de control 172075
003 - IDENTIFICADOR DE NÚMERO DE CONTROL
campo de control ES-MaACL
005 - FECHA Y HORA DE LA ÚLTIMA TRANSACCIÓN
campo de control 20230906214818.0
008 - DATOS DE LONGITUD FIJA--INFORMACIÓN GENERAL
campo de control de longitud fija 090612s1974 sp |||| | spa d
080 ## - NÚMERO DE LA CLASIFICACIÓN DECIMAL UNIVERSAL
Número de la Clasificación Decimal Universal 929 Soares, Mario
080 ## - NÚMERO DE LA CLASIFICACIÓN DECIMAL UNIVERSAL
Número de la Clasificación Decimal Universal 32(469)"1910"
100 1# - ENTRADA PRINCIPAL--NOMBRE DE PERSONA
Nombre de persona Soares, Mário.
9 (RLIN) 140661
245 10 - MENCIÓN DEL TÍTULO
Título Portugal amordazado
Resto del título : un testimonio /
Mención de responsabilidad, etc. Mário Soares ; prólogo de Raúl Morodo ; [traducción de Darío Giménez de Cisneros].
250 ## - MENCION DE EDICION
Mención de edición [1ª ed.].
260 ## - PUBLICACIÓN, DISTRIBUCIÓN, ETC.
Lugar de publicación, distribución, etc. [Barcelona] :
Nombre del editor, distribuidor, etc. Dopesa,
Fecha de publicación, distribución, etc. [1974]
300 ## - DESCRIPCIÓN FÍSICA
Extensión 353 p. ;
Dimensiones 20 cm.
651 #4 - PUNTO DE ACCESO ADICIONAL DE MATERIA--NOMBRE GEOGRÁFICO
Nombre geográfico Portugal-
Subdivisión general Historia-
Subdivisión cronológica 1910-1974.
9 (RLIN) 140662
700 1# - ENTRADA AGREGADA--NOMBRE PERSONAL
Nombre de persona Morodo, Raúl.
9 (RLIN) 83633
700 0# - ENTRADA AGREGADA--NOMBRE PERSONAL
Nombre de persona Giménez de Cisneros, Dario.
9 (RLIN) 57043
852 ## - LOCALIZACIÓN
Ubicación ES-MaACL
Número de control de estantería E-6134
itemnumber R.90414
Holdings
Estatus retirado Estado de pérdida Estado de daño No para préstamo Biblioteca de origen Biblioteca actual Ubicación en estantería Fecha de adquisición Fuente de adquisición Total de préstamos Signatura topográfica completa Código de barras Visto por última vez Precio de reemplazo Tipo de ítem Koha
        Biblioteca del Ateneo de Madrid Biblioteca del Ateneo de Madrid Depósito 2 12/06/2009     E-6134 1180581 23/02/2023 23/02/2023 Libro impreso